| 000 | 00795cam a22002657a 4500 | ||
|---|---|---|---|
| 008 | |||
| 020 | _a9780750680165 (pbk.) | ||
| 049 | _aMAIN | ||
| 090 |
_aTH435 _bSMI |
||
| 100 | 1 | _aSmith, Jim. | |
| 245 | 1 | 0 |
_aBuilding cost planning for the design team / _cJim Smith and David Jaggar. |
| 250 | _a2nd ed. | ||
| 260 |
_aAmsterdam : _bButterworth-Heinemann, _c2007. |
||
| 300 |
_axii, 401 p. : _bill. ; _c24 cm. |
||
| 504 | _aIncludes bibliographical references. | ||
| 500 | _aIncludes index. | ||
| 650 | 0 |
_aConstruction industry _xCost control. |
|
| 650 | 0 |
_aBuilding _xEstimates. |
|
| 700 | 1 | _aJaggar, David. | |
| 907 |
_a.b10312225 _b02-11-12 _c20-04-12 |
||
| 003 | |||
| 005 | 20230123125457.0 | ||
| 040 | _cNUST | ||
| 942 |
_cBOOKS _kTH435 _mSMI |
||
| 999 |
_c142199 _d142199 |
||